00522nam a22001697a 450000500170000001000410001702000260005803500300008403700150011403700140012908200060014310000250014924500400017426000410021427000750025530000220033020181012145216.0 a1718EN-30 B-688376-377 ENG-124262 a9780143424963c299.00 aB-688376-377 EN-107794 bAakaradpl bDBAD/PUB. aN aSubramanian, Anusha  aNever gone /cby Anusha Subramanian aGargaonbPenguin Random House c2016 a7th Floor, Infinity Tower, DLF Cyber city, bGargaon, Haryana e122002 a268p.c20cm(pbk)